00364nam a2200133Ia 4500008004100000020001500041041001200056100002000068245005900088260003900147300000800186650001600194700002000210221030s9999 xx 000 0 und d a9332518742 aEnglish aA. S. Tanenbaum 0aComputer Networkscby A. S. Tanenbaum, D. J. Wetherall bPearson EducationaNew Delhic2016 a804 aBE Computer aD. J. Wetherall